Russell W Porter (Record no. 6738)

MARC details
000 -LEADER
fixed length control field 00575nam a2200193Ia 4500
003 - CONTROL NUMBER IDENTIFIER
control field IN-BaIIA
008 - FIXED-LENGTH DATA ELEMENTS--GENERAL INFORMATION
fixed length control field 211028s9999 xx 000 0 eng d
020 ## - INTERNATIONAL STANDARD BOOK NUMBER
International Standard Book Number 0-87027-168-7
040 ## - CATALOGING SOURCE
Transcribing agency IIA Library
080 ## - UNIVERSAL DECIMAL CLASSIFICATION NUMBER
Universal Decimal Classification number 92:52
Item number WIL
100 ## - MAIN ENTRY--PERSONAL NAME
Personal name Willard, Berton C
9 (RLIN) 9821
245 #0 - TITLE STATEMENT
Title Russell W Porter
Remainder of title arctic explorer, artist, telescope maker
Statement of responsibility, etc. Berton C Willard
260 ## - PUBLICATION, DISTRIBUTION, ETC.
Place of publication, distribution, etc. Freeport
Name of publisher, distributor, etc. The Bond Wheel Wright
Date of publication, distribution, etc. 1976
300 ## - PHYSICAL DESCRIPTION
Extent xiii, 274p.
650 ## - SUBJECT ADDED ENTRY--TOPICAL TERM
Topical term or geographic name entry element Biography-Russel W Porter
9 (RLIN) 11550
650 ## - SUBJECT ADDED ENTRY--TOPICAL TERM
Topical term or geographic name entry element NASA Thesaurus
650 ## - SUBJECT ADDED ENTRY--TOPICAL TERM
Topical term or geographic name entry element Russel W Porter-Biography
9 (RLIN) 11551
942 ## - ADDED ENTRY ELEMENTS (KOHA)
Koha item type Books
Holdings
Withdrawn status Lost status Damaged status Not for loan Home library Current library Shelving location Date acquired Total Checkouts Full call number Barcode Date last seen Price effective from Koha item type
        IIA Library-Bangalore IIA Library-Bangalore General Stacks 09/04/1981   92:52/ WIL 7496 05/11/2021 09/04/1981 Books

Powered by Koha